| 000 | 00918nam a2200301 i 4500 | ||
|---|---|---|---|
| 001 | 12008 | ||
| 003 | ES-MaACL | ||
| 005 | 20250825080509.0 | ||
| 007 | t| | ||
| 008 | 921013s1996 sp ||||0| spa d | ||
| 016 | 7 | _zSIC92006072 | |
| 017 |
_aM 39804-1996 _bOficina Depósito Legal Madrid |
||
| 020 | _a8486459737 | ||
| 040 | _cES-MaACL | ||
| 080 | _a070.41 | ||
| 110 | 2 |
_9173887 _aEdiciones El País |
|
| 245 | 1 | 0 |
_aLibro de estilo / _cEl País |
| 250 | _a13ª edición: noviembre de 1996 | ||
| 260 |
_aMadrid : _bEL País, _c1996 |
||
| 300 |
_a661 páginas ; _c23 cm. |
||
| 500 | _aÍndice | ||
| 650 | 4 |
_aPeriodismo- _vManuales de estilo _915951 |
|
| 852 |
_aES-MaACL _jL-19340 _bR.125702 _cDEPO2 _912315 |
||
| 852 | 4 |
_aES-MaACL _jN-8239 _cDEPOJ _hDonación: Editorial _zX-17 _zDuplicado _912314 |
|
| 942 |
_cMONOGRAFIA _n0 |
||
| 999 |
_c12008 _d12008 |
||